Music Quiz

Random Music or Song Quiz

'Girl' Song Titles Quiz Stats

 Plays Quiz Updated Jun 30, 2017

Support Sporcle.
Go Orange.
Score 0/30 Timer 06:00
1 Play Today
% Correct
Cry
95.8%
Fun
95.6%
Kissed
95.2%
Brown
94.8%
World
94%
Boy
92.7%
Fire
92.5%
Woman
92.4%
Fat
91.9%
Material
89.7%
Everything
89.4%
West
88.9%
California
88.5%
Spice
88.4%
Waiting
88%
% Correct
Uptown
85.4%
Ipanema
85.3%
Crush
83.4%
Barbie
83.1%
Just
83%
Little
80.9%
My
79.1%
Jessie's
78.9%
Hollaback
76.4%
Weather
75.9%
Jane
74.8%
Fine
69.5%
Bad
69.4%
Rich
65.3%
Georgy
49.1%

You're not logged in!

Compare scores with friends on all Sporcle quizzes.
OR
Log In
Forgot?

From the Vault

Body Part Expressions II

by triviahappy

You shouldn't need any hand holding for this one.
Remove Ads.
Support Sporcle.
Get the best of Sporcle when you Go Orange. This ad-free experience offers more features, more stats, and more fun while also helping to support Sporcle. Thank you for becoming a member.

Show Comments

Extras

Top Quizzes Today


Score Distribution

Your Account Isn't Verified!

In order to create a playlist on Sporcle, you need to verify the email address you used during registration. Go to your Sporcle Settings to finish the process.

Report this User

Report this user for behavior that violates our Community Guidelines.

Details: